| 000 | 00447nam a2200169Ia 4500 | ||
|---|---|---|---|
| 008 | 180921t2016 xxu||||| |||| 00| 0 sin d | ||
| 041 | _asin | ||
| 080 |
_aX 8 සි 2 _bSAN |
||
| 100 | _aSannasgala,Upul Shantha | ||
| 245 | _aකොළඹ කෝලමේ කෝලම | ||
| 246 | _aKolaba Kolame Kolama | ||
| 260 |
_bSanhida _aNugegoda _c2016 |
||
| 300 | _b138p, 18cm | ||
| 942 | _cBK | ||
| 999 |
_c4864 _d4864 |
||
| 003 | LK-CoDNM | ||
| 040 |
_aLK-CoDNM _dLK-CoDNM _eLK-CoDNM |
||